Estadísticas para Sopa de Letras - Países #2

Haz click aquí para intentar la prueba.

Estadísticas generales

  • Esta prueba ha sido intentada 124 veces
  • La puntuación promedio es 7 de 10

Respuestas en el mapa

Las respuestas están codificadas por una escala verde-roja en el mapa de la prueba según el % correcto abajo.
 

Estadísticas de respuestas

País% Correcto
Rusia
98%
Laos
94%
Tonga
87%
Chile
83%
Jamaica
82%
India
76%
Nauru
68%
Uganda
64%
Omán
42%
Libia
34%

Distribución de puntuación

Porcentaje por número respondido

Porcentaje de gente con cada puntuación

Historial de tus puntuaciones

No has intentado esta prueba.